LEADER 01105nam 2200325Ia 450 001 996385509203316 005 20221108025137.0 035 $a(CKB)4940000000079217 035 $a(EEBO)2240863664 035 $a(OCoLC)12854131 035 $a(EXLCZ)994940000000079217 100 $a19851127d1641 uy | 101 0 $aeng 135 $aurbn||||a|bb| 200 10$aGod's Sabbath before, under the law and under the Gospel$b[electronic resource] $ebriefly vindicated from novell and heterodox assertions /$fby Hamon L'Estrange .. 210 $aCambridge [Cambridgeshire] $cPrinted by Roger Daniel ...$d1641 215 $a[16], 136 p 300 $aReproduction of original in Thomason Collection, British Library. 330 $aeebo-0158 606 $aSabbath$xBiblical teaching 615 0$aSabbath$xBiblical teaching. 700 $aL'Estrange$b Hamon$f1605-1660.$01009894 801 0$bEAA 801 1$bEAA 801 2$bm/c 801 2$bWaOLN 906 $aBOOK 912 $a996385509203316 996 $aGods Sabbath before under the law and under the Gospel$92385074 997 $aUNISA LEADER 04589nam 2200925 450 001 9910789200003321 005 20230803201550.0 010 $a0-8232-6109-3 010 $a0-8232-5521-2 010 $a0-8232-6104-2 010 $a0-8232-5522-0 024 7 $a10.1515/9780823255214 035 $a(CKB)3710000000072450 035 $a(EBL)3239863 035 $a(SSID)ssj0001059769 035 $a(PQKBManifestationID)11585855 035 $a(PQKBTitleCode)TC0001059769 035 $a(PQKBWorkID)11084648 035 $a(PQKB)10456975 035 $a(StDuBDS)EDZ0001386898 035 $a(OCoLC)872122393 035 $a(MdBmJHUP)muse27573 035 $a(DE-B1597)555297 035 $a(DE-B1597)9780823255214 035 $a(MiAaPQ)EBC3239863 035 $a(Au-PeEL)EBL3239863 035 $a(CaPaEBR)ebr10810765 035 $a(CaONFJC)MIL727778 035 $a(OCoLC)923764165 035 $a(MiAaPQ)EBC1643958 035 $a(MiAaPQ)EBC4702518 035 $a(Au-PeEL)EBL1643958 035 $a(OCoLC)908079366 035 $a(EXLCZ)993710000000072450 100 $a20130517d2014 uy| 0 101 0 $aeng 135 $aur|n|---||||| 181 $ctxt 182 $cc 183 $acr 200 10$aGettysburg religion $erefinement, diversity, and race in the Antebellum and Civil War border north /$fSteve L. Longenecker 210 1$aNew York :$cFordham University Press,$d2014. 215 $a1 online resource (264 p.) 225 1 $aThe North's Civil War 300 $aDescription based upon print version of record. 311 $a1-322-96496-3 311 $a0-8232-5519-0 320 $aIncludes bibliographical references and index. 327 $aMachine generated contents note: -- Acknowledgements -- Preface -- Introduction -- Divertimento: Samuel Simon and Catherine Steenbergen Schmucker -- Chapter 1. Town and Region -- Divertimento: Salome "Sallie" Myers -- Chapter 2. Refinement: In Theory -- Chapter 3. Refinement: In Practice -- Divertimento: The Codoris -- Chapter 4. Diversity: Ethnicity and Doctrine -- Divertimento: Abraham and Elizabeth Brien -- Chapter 5. Diversity: Race -- Divertimento: Mary and Joseph Sherfy -- Chapter 6. War -- Conclusion -- Appendix A. Thaddeus Stevens -- Appendix B. Coda -- Bibliography -- Notes. 330 $a"In the borderland between freedom and slavery, Gettysburg remains among the most legendary Civil War landmarks. A century and a half after the great battle, Cemetery Hill, the Seminary and its ridge, and the Peach Orchard remain powerful memories for their embodiment of the small-town North and their ability to touch themes vital to nineteenth-century religion. During this period, three patterns became particularly prominent: refinement, diversity, and war. In Gettysburg Religion, author Steve Longenecker explores the religious history of antebellum and Civil War era Gettysburg, shedding light on the remarkable diversity of American religion and the intricate ways it interacted with the broader culture. Longenecker argues that Gettysburg religion revealed much about larger American society and about how trends in the Border North mirrored national developments. In many ways, Gettysburg and its surrounding Border North religion belonged to the future and signaled a coming pattern for modern America"--$cProvided by publisher. 410 0$aNorth's Civil War. 606 $aReligion and culture$zPennsylvania$zGettysburg$xHistory$y19th century 606 $aReligion and culture$zPennsylvania$zGettysburg Region$xHistory$y19th century 607 $aGettysburg (Pa.)$xReligion$y19th century 607 $aGettysburg Region (Pa.)$xReligion$y19th century 607 $aGettysburg (Pa.)$xChurch history$y19th century 607 $aGettysburg Region (Pa.)$xChurch history$y19th century 607 $aPennsylvania$xHistory$yCivil War, 1861-1865$xReligious aspects 610 $aAfrican American (Black). 610 $aCivil War. 610 $aCivil religion. 610 $aDiversity. 610 $aEvangelicalism. 610 $aGettysburg. 610 $aLutheran. 610 $aPennsylvania. 610 $aRace. 610 $arefinement. 615 0$aReligion and culture$xHistory 615 0$aReligion and culture$xHistory 676 $a277.48/42081 686 $aHIS036050$aREL015000$2bisacsh 700 $aLongenecker$b Stephen L.$f1951-$01513466 801 0$bMiAaPQ 801 1$bMiAaPQ 801 2$bMiAaPQ 906 $aBOOK 912 $a9910789200003321 996 $aGettysburg religion$93747970 997 $aUNINA LEADER 02493oam 2200553 c 450 001 9910978261803321 005 20260302090207.0 010 $a9783781561489 010 $a3781561488 024 3 $a9783781561489 035 $a(CKB)37612587500041 035 $a(Verlag Julius Klinkhardt)9783781561489 035 $a(EXLCZ)9937612587500041 100 $a20260302d2025 uy 0 101 0 $ager 135 $aur||||||||||| 181 $ctxt$2rdacontent 182 $cc$2rdamedia 183 $acr$2rdacarrier 200 00$aAtlas der Hochschullernwerkstätten$eEin (un-)vollständiges Kompendium$fFranziska Herrmann, Pascal Kihm, Alina Schulte-Buskase, Ulrike Stadler-Altmann 205 $a1st ed. 210 $aBad Heilbrunn$cVerlag Julius Klinkhardt$d2025 215 $a1 online resource (656 p.) 225 0 $aLernen und Studieren in Lernwerkstätten 311 08$a9783781526884 311 08$a3781526887 330 $aDie 44 im Atlas vorgestellten (Hochschul-)Lernwerkstätten, aus Deutschland, Österreich, der Schweiz und Italien, vereint das Engagement ihrer Akteur*innen, die (reform-)pädagogische Vision eines subjektorientierten Lernens, der Mut zu Veränderungen wie auch ein Bewusstsein für die besondere Bedeutung von Forschung und Reflexion. Als Konstituenten der stetigen konzeptionellen Hochschulentwicklung wirken alle 44 (Hochschul-)Lernwerkstätten in der Professionalisierung von Pädagog*innen und nutzen dafür Vernetzungen nach innen und außen. Neben zahlreichen Gemeinsam- keiten gibt es im Atlas auch Unterschiede zu entdecken. Diese sind gemäß einem Atlas in fünf Karten aufbereitet und lenken den Blick auf zentrale Aspekte des Wirkens von (Hochschul-)Lernwerkstätten. 606 $aHochschule 606 $aLernwerkstatt 606 $aLehrerbildung 606 $aHochschullernwerkstatt 606 $aLernräume 606 $apädagogische Werkstattarbeit 615 4$aHochschule 615 4$aLernwerkstatt 615 4$aLehrerbildung 615 4$aHochschullernwerkstatt 615 4$aLernräume 615 4$apädagogische Werkstattarbeit 702 $aHerrmann$b Franziska$4edt 702 $aKihm$b Pascal$4edt 702 $aSchulte-Buskase$b Alina$4edt 702 $aStadler-Altmann$b Ulrike$4edt 801 0$bVerlag Julius Klinkhardt 801 1$bVerlag Julius Klinkhardt 906 $aBOOK 912 $a9910978261803321 996 $aAtlas der Hochschullernwerkstätten$94324291 997 $aUNINA